Report of the tribunal appointed to inquire into allegations reflecting on the official conduct of ministers of the crown and other public servants (Record no. 500135)

000 -LEADER
fixed length control field 00390cam a22000977a 4500
008 - FIXED-LENGTH DATA ELEMENTS--GENERAL INFORMATION
fixed length control field 180718b1949 xxu||||| |||| 00| 0 eng d
082 ## - DEWEY DECIMAL CLASSIFICATION NUMBER
Classification number K782x42 Un3/1949
245 ## - TITLE STATEMENT
Title Report of the tribunal appointed to inquire into allegations reflecting on the official conduct of ministers of the crown and other public servants
260 ## - PUBLICATION, DISTRIBUTION, ETC.
Place of publication, distribution, etc. London
Name of publisher, distributor, etc. Her Majesty's Stationery Office
Date of publication, distribution, etc. 1949
300 ## - PHYSICAL DESCRIPTION
Extent 81+p.
Holdings
Withdrawn status Lost status Damaged status Not for loan Permanent Location Current Location Date acquired Full call number Barcode Date last seen Price effective from Koha item type
        Indian Institute of Public Administration Indian Institute of Public Administration 2018-08-04 K782x42 Un3/1949 G4919 2018-08-04 2018-08-04 G

Powered by Koha